| 000 | 01901nam a2200349 a 4500 | ||
|---|---|---|---|
| 001 | 74964 | ||
| 003 | BD-RjUL | ||
| 005 | 20211209082628.0 | ||
| 008 | 190103s1969 fr a i101 0 eng d | ||
| 035 | _a(OCoLC)ocm35497661 | ||
| 035 | _a(BD-RjUL)75182 | ||
| 040 |
_aCAI _cCAI _beng _dBD-RjUL |
||
| 041 | 0 | _aengfre | |
| 082 |
_223 _a551.46 _bSYP 1969 |
||
| 111 | 2 |
_aSymposium on the Oceanography and Fisheries Resources of the Tropical Atlantic _d(1966 : _cAbidjan, Ivory Coast) _9226501 |
|
| 245 | 1 | 0 |
_aProceedings of the Symposium on the Oceanography and Fisheries Resources of the Tropical Atlantic : _breview papers and contributions : results of the ICITA and of the GTS, organized through the joint efforts of UNESCO, FAO and OAU : Abidjan, Ivory Coast, 20-28 October 1966 = Actes du Symposium sur l'océanographie et les ressources halieutiques de l'Atlantique tropical : rapports de synthèse et communications : résultats de l'ICITA et de la GTS, organisé conjointement par l'UNESCO, la FAO et l'OUA : Abidjan, Côte d'Ivoire, 20-28 octobre 1966. |
| 260 |
_aParis : _bUNESCO, _c1969. |
||
| 300 |
_a430 p. : _bill. ; _c27 cm. |
||
| 500 | _aPapers in English and French. | ||
| 650 | 0 |
_aOceanography _zAtlantic Ocean _vCongresses. _9226502 |
|
| 650 | 0 |
_aFisheries _zAtlantic Ocean _vCongresses. _9226503 |
|
| 650 | 0 |
_aMarine biology _zAtlantic Ocean _vCongresses. _9226504 |
|
| 650 | 6 |
_aPêches _zAtlantique (Océan) _xCongrès. _9226505 |
|
| 650 | 4 |
_aoceanographie _zatlantique (ocean) _xcongres. _9226506 |
|
| 650 | 6 |
_aBiologie marine _zAlantique (Ocean) _xCongrès. _9226507 |
|
| 710 | 2 |
_aUnesco. _9226508 |
|
| 710 | 2 |
_aFood and Agriculture Organization of the United Nations. _9226509 |
|
| 710 | 2 |
_aOrganization of African Unity. _9226510 |
|
| 710 | 2 |
_aInternational Cooperative Investigations of the Tropical Atlantic. _9226511 |
|
| 710 | 2 |
_aGuinean Trawling Survey. _983555 |
|
| 942 |
_2ddc _cBK |
||
| 999 |
_c74964 _d74964 |
||